00192nam a2200073Ia 4500008004100000100001500041245003200056260003000088170817s9999 xx 000 0 und d aRuhela.S.P 0aEducation And The Good Life bKanishka Publishers Delhi